00597nam a22002057a 450000500170000000800410001701000150005802000260007303500130009903700160011204000140012808200100014210000170015224500460016926000440021527000480025930000310030750000500033870000030038820101213113044.0101213t xxu||||| |||| 00| 0 eng d aENG-101787 c325.00a9788120338494 aEN-85320 bDBAD / PUB adpl bEng a006.3 aMishra, R.B.1 aArtificial Intelligence /cby R.B. Mishra aNew DelhibPrentice-Hall of Indiac2011 aM-97, Connaught Circus,bNew Delhie110 001 axxiii, 503p. c24cm (pbk) aIncludes biblographical references and index